00538nam a2200157 4500001000700000003000900007007000300016008004100019100002900060245006100089260003700150300003400187852002100221999001900242952011900261120659ES-MaACLt|070214s1906 fr r ||||1| fre d1 aPozzi-Escot, Emm.99356610aPrécis de Chimie Physique / cpar M. Emm. Pozzi-Escot. aParis : bJules Rousset, c1906. aXI, 231 p. : bil. ; c23 cm. aES-MaACLjB-5199 c120659d120659 00104070aATENEOMbATENEOMcSPBd2008-01-17eSCl0oB-5199p1125766r2023-02-23 00:00:00w2023-02-23yMONOGRAFIA